[Event "Osasco op"]
[Site "Osasco"]
[Date "2023.12.02"]
[Round "3"]
[White "Gravina, Miguel Vigolo"]
[Black "Da Silva, Laercio Lopes"]
[Result "1-0"]
[WhiteElo "1045"]
[BlackElo "1547"]
[PlyCount "65"]
[EventDate "2023.12.01"]
[EventType "swiss"]
[EventRounds "6"]
[EventCountry "BRA"]
[SourceTitle "CB50_2023"]
[SourceDate "2023.12.13"]
[SourceVersion "1"]
[SourceVersionDate "2023.12.13"]
[SourceQuality "1"]

1. d4 Nf6 2. Nf3 e6 3. Bf4 c5 4. c3 Nc6 5. e3 Be7 6. Bd3 0-0 7. Nbd2 d5 8. 0-0 Nh5 9. Bg3 Nxg3 10. hxg3 cxd4 11. exd4 Re8 12. Re1 Bd6 13. Qc2 h6 14. Bb5 Bd7 15. Bxc6 Bxc6 16. Ne5 Rc8 17. Ndf3 Qc7 18. Re3 Bf8 19. Rae1 g6 20. Qd2 h5 21. Nxc6 Qxc6 22. Ne5 Qc7 23. Rf3 Re7 24. Qg5 Bg7 25. Nd3 Kh7 26. g4 hxg4 27. Qxg4 Rh8 28. Rh3+ Kg8 29. Rxh8+ Bxh8 30. Re3 Qd8 31. Rh3 Qf8 32. Qh4 Qg7 33. Qxe7 1-0